| 000 | 00558nam a22001937a 4500 | ||
|---|---|---|---|
| 005 | 20260223014530.0 | ||
| 008 | 260223b |||||||| |||| 00| 0 eng d | ||
| 020 | _a981 4416 50 9 | ||
| 040 | _cjhcsc | ||
| 041 | _heng | ||
| 082 | _2005.43 | ||
| 100 |
_910171 _aMichael Palmer, Michael Walters _eAuthor |
||
| 245 | _aOperating System | ||
| 250 | _aFourth Edition | ||
| 260 |
_aPasig City Philippines _bCengage Learning Asia Pte Ltd _c2012 |
||
| 300 |
_a608 pages _bIncludes Illustrations |
||
| 760 | _bFourth Edition | ||
| 942 |
_2ddc _cBOOK _eFourth Edition |
||
| 999 |
_c11359 _d11359 |
||